The stones of Green Knowe /

While eagerly following each stage of the new stone manor house his father is building to replace their old wooden Saxon hall, a young boy, part Saxon and part Norman, becomes involved with ancient magic that carries him through time.

Bibliographic Details
Main Author: Boston, L. M. (Lucy Maria), 1892-1990
Other Authors: Boston, Peter
Format: Book
Language:English
Published: New York : Atheneum, [1976]
Subjects:

MARC

Tag First Indicator Second Indicator Subfields
LEADER 00000pam a2200000 a 4500
001 in00000099083
005 20150924155840.0
008 751211r1976 nyua j 00011 engm
010 |a  75044143  
020 |a 0689500580 
035 |a (OCoLC)01975351 
035 |9 AAK9950AM 
040 |a DLC  |c DLC  |d m.c.  |d TXA  |d UtOrBLW 
049 |a [Curr Col] TXAM  |c [388881] 
050 0 0 |a PZ7.B6497  |b Sr3 
082 0 |a [Fic] 
090 |a PZ7.B6497  |b Sr 1980 
100 1 |a Boston, L. M.  |q (Lucy Maria),  |d 1892-1990. 
245 1 4 |a The stones of Green Knowe /  |c L. M. Boston ; illustrated by Peter Boston. 
264 1 |a New York :  |b Atheneum,  |c [1976] 
264 3 |c 1980 printing 
264 4 |c ©1976 
300 |a 117 pages :  |b illustrations ;  |c 22 cm. 
336 |a text  |b txt  |2 rdacontent 
337 |a unmediated  |b n  |2 rdamedia 
338 |a volume  |b nc  |2 rdacarrier 
500 |a "A Margaret K. McElderry book." 
520 |a While eagerly following each stage of the new stone manor house his father is building to replace their old wooden Saxon hall, a young boy, part Saxon and part Norman, becomes involved with ancient magic that carries him through time. 
650 1 |a Space and time  |x Fiction. 
650 1 |a Magic  |x Fiction. 
700 1 |a Boston, Peter. 
999 |a MARS 
999 f f |s 530f99f9-93ab-361a-aee3-cc80c2212547  |i 8303d7fa-e893-3309-83f7-a730126f308e  |t 0 
952 f f |p normal  |a Texas A&M University  |b College Station  |c Sterling C. Evans Library  |d Evans: Curriculum Collection (4th floor)  |t 0  |e PZ7.B6497 Sr 1980  |h Library of Congress classification  |i unmediated -- volume  |m A14806035521 
998 f f |a PZ7.B6497 Sr 1980  |t 0  |l Evans: Curriculum Collection (4th floor)